Welcome to CU Library Online Public Access Catalogue (OPAC)

LANDMARKS OF DR. KWAME NKRUMAH (Record no. 5955)

MARC details
000 -LEADER
fixed length control field 00408nam a22001457a 4500
005 - DATE AND TIME OF LATEST TRANSACTION
control field 20250526142358.0
008 - FIXED-LENGTH DATA ELEMENTS--GENERAL INFORMATION
fixed length control field 250526b |||||||| |||| 00| 0 eng d
020 ## - INTERNATIONAL STANDARD BOOK NUMBER
International Standard Book Number 998800940
050 ## - LIBRARY OF CONGRESS CALL NUMBER
Classification number DT 512
Item number .3N57 BUS
100 ## - MAIN ENTRY--PERSONAL NAME
Personal name BUSUMTWI-SAM, DAVID
245 ## - TITLE STATEMENT
Title LANDMARKS OF DR. KWAME NKRUMAH
Statement of responsibility, etc. DAVID BUSUMTWI-SAM
260 ## - PUBLICATION, DISTRIBUTION, ETC.
Place of publication, distribution, etc. ACCRA
Name of publisher, distributor, etc. ANBASSADOR DASVID BUSUMTWI-SAM
Date of publication, distribution, etc. 2001
300 ## - PHYSICAL DESCRIPTION
Extent 154p;,
942 ## - ADDED ENTRY ELEMENTS (KOHA)
Source of classification or shelving scheme Library of Congress Classification
Koha item type Books
Suppress in OPAC No
999 ## -
-- 5955
-- 5955
Holdings
Withdrawn status Lost status Source of classification or shelving scheme Damaged status Not for loan Collection Home library Current library Shelving location Date acquired Total checkouts Full call number Barcode Date last seen Copy number Price effective from Koha item type
    Library of Congress Classification     Non-fiction Undergraduate Library (Christ Temple) Undergraduate Library (Christ Temple) General stacks 05/26/2025   DT 512.3N57 BUS ulct00002653 05/26/2025 1 05/26/2025 Books
© 2023-2024 Copyright: Central University Libraries. All Rights Reserved | Created by: Mahone Tech Office